Ariana Grande - Let Me Love You (feat. Lil Wayne) - Statistics

General Stats
  • This quiz has been taken 87 times
  • The average score is 338 of 459
Answer Stats
Lyric % Correct
I
100%
just
98%
Just
98%
(Just
98%
a
97%
n****
97%
n****,
97%
my
95%
My
95%
lo-o-o-o-o-o-o-o-o-ove
94%
love
94%
love)
94%
love,
94%
with
94%
ex
92%
up
92%
broke
91%
me
91%
you,
91%
you
91%
you)
91%
and
89%
And
89%
don't
89%
He
89%
let
89%
no
89%
I'm
88%
I'ma
88%
(I'ma
88%
know
88%
the
88%
what
88%
her
86%
it
85%
it,
85%
Now
85%
real
85%
single,
85%
single
85%
next
83%
really
83%
right
83%
right,
83%
what's
83%
be
82%
here
82%
feels
80%
if
79%
on
79%
promise
79%
all
77%
boy,
77%
boy
77%
Boy,
77%
I'll
76%
night
76%
say
76%
say,
76%
to
76%
your
76%
chest
73%
lay
73%
mind
73%
need
73%
said
73%
She
73%
she
73%
stay
73%
back
71%
girl,
71%
girl
71%
out
71%
But
70%
but
70%
for?
70%
for
70%
Oh
70%
oh
70%
ooh
70%
tripping,
70%
You're
68%
you're
68%
Good
67%
good
67%
this
67%
Ariana,
65%
laying
65%
left,
65%
left
65%
mama,
65%
God
64%
hot
64%
Then
64%
as
62%
As
62%
best,
62%
best
62%
lil'
62%
Lil
62%
Lord
62%
Lord,
62%
yes,
62%
chill
61%
from
61%
goddamn,
61%
sit
61%
breath
59%
even
59%
got
59%
that
59%
that)
59%
X,
59%
ain't
58%
stop
58%
triple
58%
f*ckin'
56%
holding
56%
Okay,
56%
it's
55%
them
55%
when
55%
coming
53%
2Pac,
52%
Wayne
52%
goodbye
50%
new
50%
than
50%
Biggie,
48%
conversation
48%
feeling
48%
one
47%
change
45%
Grande,
45%
they
45%
will
45%
baby
44%
mood
44%
normally
44%
rest
44%
thots,
44%
give
42%
head
42%
lookin'
42%
mess,
42%
mess
42%
name
42%
better
41%
chain
41%
gon'
41%
feature,
39%
grinding
39%
guess
39%
something
39%
thinking
39%
laid
38%
amnesia
36%
'bout
36%
gonna
36%
says
36%
thing
36%
comes
35%
keeps
35%
looking
35%
She's
35%
she's
35%
(She's
35%
telling
35%
yeah
35%
Yeah,
35%
(Yeah,
35%
shook
33%
tryna
32%
changed
27%
coast
27%
rush
27%
drowning,
24%
guard
24%
Mula,
18%
time
12%
loved
9%
(Tunechi)
8%
Hey
6%
No matching quizzes found
Score Distribution
Percent of People with Each Score
Percentile by Number Answered
Your Score History
You have not taken this quiz